| Tag |
First Indicator |
Second Indicator |
Subfields |
| LEADER |
00000cam a22000005i 4500 |
| 001 |
in00003723313 |
| 005 |
20210728125239.0 |
| 006 |
m o d |
| 007 |
cr nn 008mamaa |
| 008 |
151127s2010 xxu| o |||| 0|eng d |
| 020 |
|
|
|a 9780230109056
|9 978-0-230-10905-6
|
| 024 |
7 |
|
|a 10.1057/9780230109056
|2 doi
|
| 035 |
|
|
|a (DE-He213)978-0-230-10905-6
|
| 035 |
|
|
|a 5304678
|
| 040 |
|
|
|d UtOrBLW
|
| 043 |
|
|
|a n------
|
| 072 |
|
7 |
|a DS
|2 bicssc
|
| 072 |
|
7 |
|a LIT004020
|2 bisacsh
|
| 082 |
0 |
4 |
|a 809.7
|2 23
|
| 090 |
|
|
|a PS3525.A4152
|b N676 2010
|
| 245 |
0 |
0 |
|a Norman Mailer's Later Fictions :
|b Ancient Evenings through Castle in the Forest /
|c edited by John Whalen-Bridge.
|
| 264 |
|
1 |
|a New York :
|b Palgrave Macmillan US :
|b Imprint: Palgrave Macmillan,
|c 2010.
|
| 300 |
|
|
|a 1 online resource (224 pages)
|
| 336 |
|
|
|a text
|b txt
|2 rdacontent
|
| 337 |
|
|
|a computer
|b c
|2 rdamedia
|
| 338 |
|
|
|a online resource
|b cr
|2 rdacarrier
|
| 347 |
|
|
|a text file
|b PDF
|2 rda
|
| 490 |
1 |
|
|a American literature readings in the 21st century
|
| 500 |
|
|
|a Electronic resource.
|
| 520 |
|
|
|a With essays from Mailer's wife and editor, this scholarly volume establishes the writer's literary maturity and dissects the modes of cultural critique employed in his later novels.
|
| 650 |
1 |
4 |
|a Literature.
|
| 650 |
2 |
4 |
|a Fiction.
|
| 650 |
2 |
4 |
|a North American Literature.
|
| 650 |
2 |
4 |
|a Twentieth-Century Literature.
|
| 650 |
|
0 |
|a Fiction.
|0 http://id.loc.gov/authorities/subjects/sh85048050
|
| 650 |
|
0 |
|a Literature, Modern
|y 20th century.
|0 http://id.loc.gov/authorities/subjects/sh85077559
|
| 650 |
|
0 |
|a Literature.
|0 http://id.loc.gov/authorities/subjects/sh85077507
|
| 651 |
|
0 |
|a America
|v Literatures.
|0 http://id.loc.gov/authorities/subjects/sh85004276
|
| 655 |
|
7 |
|a Electronic books.
|2 local
|
| 700 |
1 |
|
|a Whalen-Bridge, John,
|e editor.
|
| 710 |
2 |
|
|a SpringerLink (Online service)
|0 http://id.loc.gov/authorities/names/no2005046756
|
| 773 |
0 |
|
|t Springer eBooks
|
| 776 |
1 |
8 |
|i Printed edition:
|z 9781349286409
|
| 830 |
|
0 |
|a American literature readings in the 21st century.
|0 http://id.loc.gov/authorities/names/n2005083687
|
| 856 |
4 |
0 |
|u http://proxy.library.tamu.edu/login?url=https://dx.doi.org/10.1057/9780230109056
|z Connect to the full text of this electronic book
|t 0
|
| 999 |
f |
f |
|s 83d337c4-b31c-3e9e-9494-33182bee43f8
|i 8c5ae94b-0d4b-3f26-a5cb-af92a40017ea
|t 0
|
| 952 |
f |
f |
|a Texas A&M University
|b College Station
|c Electronic Resources
|d Available Online
|t 0
|e PS3525.A4152 N676 2010
|h Library of Congress classification
|
| 998 |
f |
f |
|a PS3525.A4152 N676 2010
|t 0
|l Available Online
|